000 00281nam a2200121 a 4500
005 20141022142002.0
008 090305s19uu xx 00 eng d
050 _aAVM
245 _aKids with Down Syndrome.
650 _aDVD.
650 _aKids with Down Syndrome
942 _cAVM
999 _c276334
_d276334